000 01131nam a2200325 a 4500
001 000000009
003 DO-SdBPM
005 20250903133818.0
007 ta
008 081128s1996 cl r 001 0 spa d
020 _a 958601679X
040 _aDO-SdBPM
_bspa
_cBPMSU
_erda
_d
082 4 _a070.4
_bG142p 1996
_222
100 1 _aGaines, William.
_eautor
245 1 0 _aPeriodismo investigativo :
_bpara prensa y televisión /
_c William Gaines ; traducido por Teresa Niño Torres.
264 _aBogotá, Colombia :
_bTercer mundo,
_c1996
300 _a284 págianas ;
_c21 cm.
336 _atexto
_btxt
_2rdacontent
337 _asin mediación
_bn
_2rdamedia
338 _avolumen
_bnc
_2rdacarrier
490 0 _aComunicación social
534 _pTítulo original.
_t Investigative Reporting for Print and Broadcast.
590 _aInventariado,2025/VM
650 7 _aPeriodismo de investigación
650 7 _aCrónicas periodísticas
650 4 _aPeriodismo
_zRepública Dominicana
700 1 _aNiño Torres, Teresa,
_etraductora
910 _aVMateo V. Control de calidad BPMSU
942 _2ddc
_cBK
999 _c15367
_d15367